| 000 | 00356nam a2200121Ia 4500 | ||
|---|---|---|---|
| 008 | 210430s9999 xx 000 0 und d | ||
| 020 | _a978-3-659-63396-6 | ||
| 082 | _a668.9 S5391F | ||
| 100 |
_aMudassar Shehzad _954657 |
||
| 245 |
_aFrequency-Dependent Electrocaloric (EC) Effect of Polymer Blends_ _cMudassar Shehzad |
||
| 300 | _a42 | ||
| 942 |
_cBK _2ddc |
||
| 999 |
_c565299 _d565299 |
||